The Poems of Alfred Lord Tennyson

Bewaard in:
Bibliografische gegevens
Hoofdauteur: Tennyson, Alfred Lord
Formaat: Boek
Taal:Undetermined
Gepubliceerd in: New York, Estados Unidos Walter J. Black 1932
Onderwerpen:
Tags: Voeg label toe
Geen labels, Wees de eerste die dit record labelt!

MARC

LEADER 00000nam a2200000Ia 4500
008 170316s9999 xx 000 0 und d
040 |a cru BVZT 
090 |a 820 T-1p 
100 |a Tennyson, Alfred Lord 
245 4 |a The Poems of Alfred Lord Tennyson 
260 |a New York, Estados Unidos 
260 |b Walter J. Black 
260 |c 1932 
300 |a 308 páginas 
650 |a LITERATURA INGLESA 
999 |c 7235  |d 7235 
942 |c 15 D  |h 820 T-1p  |2 z